Africa South of the Sahara. (Record no. 796)

MARC details
000 -LEADER
fixed length control field 05309cas a22014051 4500
001 - CONTROL NUMBER
control field 11215752
003 - CONTROL NUMBER IDENTIFIER
control field OSt
005 - DATE AND TIME OF LATEST TRANSACTION
control field 20230607101319.0
008 - FIXED-LENGTH DATA ELEMENTS--GENERAL INFORMATION
fixed length control field 741125c19719999enkar 0 a0eng
010 ## - LIBRARY OF CONGRESS CONTROL NUMBER
LC control number 78112271
016 7# - NATIONAL BIBLIOGRAPHIC AGENCY CONTROL NUMBER
Record control number 0354200
Source DNLM
016 7# - NATIONAL BIBLIOGRAPHIC AGENCY CONTROL NUMBER
Record control number A16710000
Source DNLM
016 7# - NATIONAL BIBLIOGRAPHIC AGENCY CONTROL NUMBER
Record control number 009189409
Source Uk
020 ## - INTERNATIONAL STANDARD BOOK NUMBER
International Standard Book Number 101857433696
022 0# - INTERNATIONAL STANDARD SERIAL NUMBER
International Standard Serial Number 0065-3896
ISSN-L 0065-3896
Incorrect ISSN 0400-6933
Source 2
035 ## - SYSTEM CONTROL NUMBER
System control number (OCoLC)ocm01087495
040 ## - CATALOGING SOURCE
Original cataloging agency DLC
Language of cataloging eng
Transcribing agency UDI
Modifying agency SUL
-- DLC
-- YUS
-- OCL
-- MUL
-- DLC
-- NSD
-- DLC
-- NST
-- OCL
-- SER
-- OCL
-- NST
-- OCL
-- NST
-- OCL
-- HUL
-- NST
-- HUL
-- NST
-- HUL
-- CDU
-- GUA
-- HUL
-- WAU
-- NLM
-- OCL
-- NLGGC
-- LVB
-- CDS
-- UV1
-- SJL
-- OCLCQ
-- SBM
-- UPP
-- UKMGB
-- OCLCF
-- BEDGE
-- FHL
-- YDXCP
-- BDX
-- I8M
-- OCLCO
-- OCLCQ
-- OCLCA
-- GILDS
-- OCLCO
-- OCL
-- IL4J6
-- IUL
-- PWQ
042 ## - AUTHENTICATION CODE
Authentication code pcc
-- nsdp
043 ## - GEOGRAPHIC AREA CODE
Geographic area code fb-----
050 00 - LIBRARY OF CONGRESS CALL NUMBER
Classification number DT351
Item number .A37
050 14 - LIBRARY OF CONGRESS CALL NUMBER
Classification number R967
082 04 - DEWEY DECIMAL CLASSIFICATION NUMBER
Classification number 916.7
Item number FRA
210 0# - ABBREVIATED TITLE
Abbreviated title Afr. south Sahara
222 #0 - KEY TITLE
Key title Africa south of the Sahara
245 00 - TITLE STATEMENT
Title Africa South of the Sahara.
260 ## - PUBLICATION, DISTRIBUTION, ETC. (IMPRINT)
Place of publication, distribution, etc. London,
Name of publisher, distributor, etc. Europa Publications Ltd.
300 ## - PHYSICAL DESCRIPTION
Extent volumes
Other physical details maps
Dimensions 26 cm.
310 ## - CURRENT PUBLICATION FREQUENCY
Current publication frequency Annual
336 ## - CONTENT TYPE
Content type term text
Content type code txt
Source rdacontent
337 ## - MEDIA TYPE
Media type term unmediated
Media type code n
Source rdamedia
338 ## - CARRIER TYPE
Carrier type term volume
Carrier type code nc
Source rdacarrier
362 0# - DATES OF PUBLICATION AND/OR SEQUENTIAL DESIGNATION
Dates of publication and/or sequential designation 1971-
490 1# - SERIES STATEMENT
Materials specified 2000- :
Series statement Regional surveys of the world
500 ## - GENERAL NOTE
General note Published by: Routledge, <2007->
515 ## - NUMBERING PECULIARITIES NOTE
Numbering peculiarities note Vols. for <1973-> called also <3rd. ed.->; <1976/1977-1984/1985>called also <6th-14th ed.>; 1986- called also 15th ed.-
520 ## - SUMMARY, ETC.
Summary, etc. Vols. for 1971- include a section entitled "Who's who in Africa South of the Sahara."
590 ## - LOCAL NOTE (RLIN)
Local note SERBIB/SERLOC merged record
650 #7 - SUBJECT ADDED ENTRY--TOPICAL TERM
Topical term or geographic name as entry element Conditions économiques.
Source of heading or term eclas
650 #7 - SUBJECT ADDED ENTRY--TOPICAL TERM
Topical term or geographic name as entry element Organisation administrative.
Source of heading or term eclas
650 #7 - SUBJECT ADDED ENTRY--TOPICAL TERM
Topical term or geographic name as entry element Annuaires.
Source of heading or term eclas
650 #7 - SUBJECT ADDED ENTRY--TOPICAL TERM
Topical term or geographic name as entry element Publications périodiques.
Source of heading or term eclas
650 #7 - SUBJECT ADDED ENTRY--TOPICAL TERM
Topical term or geographic name as entry element Données statistiques.
Source of heading or term eclas
650 #7 - SUBJECT ADDED ENTRY--TOPICAL TERM
Topical term or geographic name as entry element Répertoires.
Source of heading or term eclas
650 #7 - SUBJECT ADDED ENTRY--TOPICAL TERM
Topical term or geographic name as entry element economic conditions.
Source of heading or term eurovocen
650 #7 - SUBJECT ADDED ENTRY--TOPICAL TERM
Topical term or geographic name as entry element social situation.
Source of heading or term eurovocen
650 #7 - SUBJECT ADDED ENTRY--TOPICAL TERM
Topical term or geographic name as entry element demography.
Source of heading or term eurovocen
650 #7 - SUBJECT ADDED ENTRY--TOPICAL TERM
Topical term or geographic name as entry element geography.
Source of heading or term eurovocen
650 #7 - SUBJECT ADDED ENTRY--TOPICAL TERM
Topical term or geographic name as entry element history.
Source of heading or term eurovocen
650 #7 - SUBJECT ADDED ENTRY--TOPICAL TERM
Topical term or geographic name as entry element imperialism.
Source of heading or term eurovocen
650 #7 - SUBJECT ADDED ENTRY--TOPICAL TERM
Topical term or geographic name as entry element financial market.
Source of heading or term eurovocen
650 #7 - SUBJECT ADDED ENTRY--TOPICAL TERM
Topical term or geographic name as entry element international organisation.
Source of heading or term eurovocen
650 #7 - SUBJECT ADDED ENTRY--TOPICAL TERM
Topical term or geographic name as entry element statistics.
Source of heading or term eurovocen
650 #7 - SUBJECT ADDED ENTRY--TOPICAL TERM
Topical term or geographic name as entry element agricultural situation.
Source of heading or term eurovocen
650 #7 - SUBJECT ADDED ENTRY--TOPICAL TERM
Topical term or geographic name as entry element trading operation.
Source of heading or term eurovocen
650 #7 - SUBJECT ADDED ENTRY--TOPICAL TERM
Topical term or geographic name as entry element industrial structures.
Source of heading or term eurovocen
650 #7 - SUBJECT ADDED ENTRY--TOPICAL TERM
Topical term or geographic name as entry element organisation of transport.
Source of heading or term eurovocen
650 #7 - SUBJECT ADDED ENTRY--TOPICAL TERM
Topical term or geographic name as entry element Southern Africa.
Source of heading or term eurovocen
650 #7 - SUBJECT ADDED ENTRY--TOPICAL TERM
Topical term or geographic name as entry element Angola.
Source of heading or term eurovocen
650 #7 - SUBJECT ADDED ENTRY--TOPICAL TERM
Topical term or geographic name as entry element Botswana.
Source of heading or term eurovocen
650 #7 - SUBJECT ADDED ENTRY--TOPICAL TERM
Topical term or geographic name as entry element Ethiopia.
Source of heading or term eurovocen
650 #7 - SUBJECT ADDED ENTRY--TOPICAL TERM
Topical term or geographic name as entry element Chad.
Source of heading or term eurovocen
650 #7 - SUBJECT ADDED ENTRY--TOPICAL TERM
Topical term or geographic name as entry element Kenya.
Source of heading or term eurovocen
650 #7 - SUBJECT ADDED ENTRY--TOPICAL TERM
Topical term or geographic name as entry element Lesotho.
Source of heading or term eurovocen
650 #7 - SUBJECT ADDED ENTRY--TOPICAL TERM
Topical term or geographic name as entry element Liberia.
Source of heading or term eurovocen
650 #7 - SUBJECT ADDED ENTRY--TOPICAL TERM
Topical term or geographic name as entry element Malawi.
Source of heading or term eurovocen
650 #7 - SUBJECT ADDED ENTRY--TOPICAL TERM
Topical term or geographic name as entry element Nigeria.
Source of heading or term eurovocen
650 #7 - SUBJECT ADDED ENTRY--TOPICAL TERM
Topical term or geographic name as entry element South Africa.
Source of heading or term eurovocen
650 #7 - SUBJECT ADDED ENTRY--TOPICAL TERM
Topical term or geographic name as entry element Democratic Republic of the Congo.
Source of heading or term eurovocen
650 #7 - SUBJECT ADDED ENTRY--TOPICAL TERM
Topical term or geographic name as entry element Zimbabwe.
Source of heading or term eurovocen
650 #7 - SUBJECT ADDED ENTRY--TOPICAL TERM
Topical term or geographic name as entry element condition économique.
Source of heading or term eurovocfr
650 #7 - SUBJECT ADDED ENTRY--TOPICAL TERM
Topical term or geographic name as entry element situation sociale.
Source of heading or term eurovocfr
650 #7 - SUBJECT ADDED ENTRY--TOPICAL TERM
Topical term or geographic name as entry element démographie.
Source of heading or term eurovocfr
650 #7 - SUBJECT ADDED ENTRY--TOPICAL TERM
Topical term or geographic name as entry element géographie.
Source of heading or term eurovocfr
650 #7 - SUBJECT ADDED ENTRY--TOPICAL TERM
Topical term or geographic name as entry element histoire.
Source of heading or term eurovocfr
650 #7 - SUBJECT ADDED ENTRY--TOPICAL TERM
Topical term or geographic name as entry element impérialisme.
Source of heading or term eurovocfr
650 #7 - SUBJECT ADDED ENTRY--TOPICAL TERM
Topical term or geographic name as entry element marché financier.
Source of heading or term eurovocfr
650 #7 - SUBJECT ADDED ENTRY--TOPICAL TERM
Topical term or geographic name as entry element organisation internationale.
Source of heading or term eurovocfr
650 #7 - SUBJECT ADDED ENTRY--TOPICAL TERM
Topical term or geographic name as entry element statistique.
Source of heading or term eurovocfr
650 #7 - SUBJECT ADDED ENTRY--TOPICAL TERM
Topical term or geographic name as entry element situation de l'agriculture.
Source of heading or term eurovocfr
650 #7 - SUBJECT ADDED ENTRY--TOPICAL TERM
Topical term or geographic name as entry element échange commercial.
Source of heading or term eurovocfr
650 #7 - SUBJECT ADDED ENTRY--TOPICAL TERM
Topical term or geographic name as entry element structure industrielle.
Source of heading or term eurovocfr
650 #7 - SUBJECT ADDED ENTRY--TOPICAL TERM
Topical term or geographic name as entry element organisation des transports.
Source of heading or term eurovocfr
650 #7 - SUBJECT ADDED ENTRY--TOPICAL TERM
Topical term or geographic name as entry element Afrique méridionale.
Source of heading or term eurovocfr
650 #7 - SUBJECT ADDED ENTRY--TOPICAL TERM
Topical term or geographic name as entry element Angola.
Source of heading or term eurovocfr
650 #7 - SUBJECT ADDED ENTRY--TOPICAL TERM
Topical term or geographic name as entry element Botswana.
Source of heading or term eurovocfr
650 #7 - SUBJECT ADDED ENTRY--TOPICAL TERM
Topical term or geographic name as entry element Éthiopie.
Source of heading or term eurovocfr
650 #7 - SUBJECT ADDED ENTRY--TOPICAL TERM
Topical term or geographic name as entry element Tchad.
Source of heading or term eurovocfr
650 #7 - SUBJECT ADDED ENTRY--TOPICAL TERM
Topical term or geographic name as entry element Kenya.
Source of heading or term eurovocfr
650 #7 - SUBJECT ADDED ENTRY--TOPICAL TERM
Topical term or geographic name as entry element Lesotho.
Source of heading or term eurovocfr
650 #7 - SUBJECT ADDED ENTRY--TOPICAL TERM
Topical term or geographic name as entry element Liberia.
Source of heading or term eurovocfr
650 #7 - SUBJECT ADDED ENTRY--TOPICAL TERM
Topical term or geographic name as entry element Malawi.
Source of heading or term eurovocfr
650 #7 - SUBJECT ADDED ENTRY--TOPICAL TERM
Topical term or geographic name as entry element Nigeria.
Source of heading or term eurovocfr
650 #7 - SUBJECT ADDED ENTRY--TOPICAL TERM
Topical term or geographic name as entry element Afrique du Sud.
Source of heading or term eurovocfr
650 #7 - SUBJECT ADDED ENTRY--TOPICAL TERM
Topical term or geographic name as entry element République démocratique du Congo.
Source of heading or term eurovocfr
650 #7 - SUBJECT ADDED ENTRY--TOPICAL TERM
Topical term or geographic name as entry element Zimbabwe.
Source of heading or term eurovocfr
651 #0 - SUBJECT ADDED ENTRY--GEOGRAPHIC NAME
Geographic name Africa, Sub-Saharan
Form subdivision Periodicals.
651 #2 - SUBJECT ADDED ENTRY--GEOGRAPHIC NAME
Geographic name Africa, Central.
651 #4 - SUBJECT ADDED ENTRY--GEOGRAPHIC NAME
Geographic name África
Geographic subdivision Sahara-
Form subdivision Revistas.
651 #6 - SUBJECT ADDED ENTRY--GEOGRAPHIC NAME
Geographic name Afrique noire
Form subdivision Périodiques.
651 #7 - SUBJECT ADDED ENTRY--GEOGRAPHIC NAME
Geographic name Afrique subsaharienne.
Source of heading or term eclas
651 #7 - SUBJECT ADDED ENTRY--GEOGRAPHIC NAME
Geographic name Sub-Saharan Africa.
Source of heading or term fast
Authority record control number (OCoLC)fst01239520
651 #7 - SUBJECT ADDED ENTRY--GEOGRAPHIC NAME
Geographic name Africa, Sub-Saharan Africa
General subdivision Encyclopedias and dictionaries.
Source of heading or term fssh
651 #7 - SUBJECT ADDED ENTRY--GEOGRAPHIC NAME
Geographic name Africa, Sub-Saharan Africa
General subdivision Biography.
Source of heading or term fssh
651 #7 - SUBJECT ADDED ENTRY--GEOGRAPHIC NAME
Geographic name Africa
General subdivision Encyclopedias and dictionaries.
Source of heading or term fssh
651 #7 - SUBJECT ADDED ENTRY--GEOGRAPHIC NAME
Geographic name 6.
Source of heading or term gtt
651 #7 - SUBJECT ADDED ENTRY--GEOGRAPHIC NAME
Geographic name Africa
Form subdivision Periodicals.
Source of heading or term nli
651 #7 - SUBJECT ADDED ENTRY--GEOGRAPHIC NAME
Geographic name Africa, Sub-Saharan
Form subdivision Periodicals.
Source of heading or term nli
655 #7 - INDEX TERM--GENRE/FORM
Genre/form data or focus term Periodicals.
Source of term fast
Authority record control number (OCoLC)fst01411641
655 #7 - INDEX TERM--GENRE/FORM
Genre/form data or focus term Periodicals.
Source of term lcgft
710 2# - ADDED ENTRY--CORPORATE NAME
Corporate name or jurisdiction name as entry element Europa Publications Limited.
730 02 - ADDED ENTRY--UNIFORM TITLE
Uniform title Who's who in Africa South of the Sahara.
776 08 - ADDITIONAL PHYSICAL FORM ENTRY
Relationship information Online version:
Title Africa South of the Sahara
Record control number (OCoLC)795534536
830 #0 - SERIES ADDED ENTRY--UNIFORM TITLE
Uniform title Regional surveys of the world.
906 ## - LOCAL DATA ELEMENT F, LDF (RLIN)
a 7
b cbc
c serials
d 3
e ncip
f 19
g n-oclcserc
942 ## - ADDED ENTRY ELEMENTS (KOHA)
Source of classification or shelving scheme Dewey Decimal Classification
Koha item type Books
Holdings
Withdrawn status Lost status Source of classification or shelving scheme Damaged status Not for loan Home library Current library Date acquired Total Checkouts Full call number Barcode Date last seen Price effective from Koha item type
    Dewey Decimal Classification     Bunge Tower Library Bunge Tower Library 06/07/2023   916.7 FRA 10014701 06/07/2023 06/07/2023 Books
LIBRARY OPENING HOURS

When the Parliament is sitting: 8.00a.m - 7.00p.m or until the house adjourns
Mondays and Fridays and when the House is on Recess:  8.00a.m - 5.00p.m
Closed on Weekends and Public Holidays

Online Public Access Catalog (OPAC)
Website: http://www.parliament.go.ke
Bunge Library: https://libraryir.parliament.go.ke
Contact: library@parliament.go.ke | Tel no: (254-2)2221291 or 2848000 Ext 5043